| 000 | 00559nam a2200205Ia 4500 | ||
|---|---|---|---|
| 001 | 55569 | ||
| 008 | 140506s9999 xx 000 0 und d | ||
| 020 | _a0721689302 | ||
| 040 | _cPK-LaUMT | ||
| 082 |
_aMAL 304.2 _bECO- |
||
| 100 | _aTurk, Jonathan | ||
| 245 |
_aEcosystems, energy, population _cTurk, Jonathan<>Wittes, Janet T.<>Wittes, Robert<>Turk, Amos |
||
| 260 |
_aPhiladelphia,USA: _bW. B. Saunders, _c1975 |
||
| 300 | _a296 p. | ||
| 546 | _aEN | ||
| 700 | _aTurk, Amos | ||
| 700 | _aWittes, Janet T. | ||
| 700 | _aWittes, Robert | ||
| 942 | _cBK | ||
| 999 |
_c52907 _d52907 |
||